Classic Movies - Statistics

General Stats
  • This quiz has been taken 175 times
  • The average score is 9 of 15
Answer Stats
Hint Answer % Correct
"E.T. Phone Home" E.T.
92%
"I gave him an offer he couldn't refuse The Godfather
87%
"Frankly, my dear, I don't give a damn" Gone with the Wind
86%
"My momma always said, life is like a box of chocolates, you never know what you're gonna get." Forrest Gump
85%
"Somewhere over the rainbow" Wizard of Oz
84%
"We'll always have Paris" Casablanca
76%
"Rosebud" Citizen Kane
68%
"Stella! Hey, Stella!" A Streetcar Named Desire
61%
"Oh, I don't want you to speak, Mr. Bond, I want you to die!" Goldfinger
57%
"I coulda been a contender" On The Waterfront
52%
"Every champion was once a contender who refused to give up." Rocky
50%
"I never had any friends later on like the ones I had when I was twelve" Stand By Me
33%
"Fasten your seatbelts. It's going to be a bumpy night." All About Eve
26%
Dance of the Bread Rolls Gold Rush
11%
"Funny how gentle people get with you when you're dead" Sunset Boulevard
11%
No matching quizzes found
Score Distribution
Percent of People with Each Score
Percentile by Number Answered
Your Score History
You have not taken this quiz